Process technology equipment and systems

Αποθηκεύτηκε σε:
Λεπτομέρειες βιβλιογραφικής εγγραφής
Κύριος συγγραφέας: Thomas, Charles E.
Μορφή: Βιβλίο
Γλώσσα:Undetermined
Έκδοση: Australia Thomson 2007
Θέματα:
Ετικέτες: Προσθήκη ετικέτας
Δεν υπάρχουν, Καταχωρήστε ετικέτα πρώτοι!
Thư viện lưu trữ: Trung tâm Học liệu Trường Đại học Cần Thơ
LEADER 00570nam a2200205Ia 4500
001 CTU_127969
008 210402s9999 xx 000 0 und d
020 |c 1036000 
082 |a 660.283 
082 |b T454 
100 |a Thomas, Charles E. 
245 0 |a Process technology equipment and systems 
245 0 |c Charles E. Thomas 
260 |a Australia 
260 |b Thomson 
260 |c 2007 
650 |a Chemical processes,Chemical processes 
650 |x Equipment and supplies 
904 |i Tuyến 
980 |a Trung tâm Học liệu Trường Đại học Cần Thơ